Simulácia pohybu osôb

Enregistré dans:
Détails bibliographiques
Auteur principal: Dodok, Ján (Auteur)
Autres auteurs: Marček, Stanislav (Directeur de thèse)
Format: Manuscrit Livre
Langue:slovaque
Publié: Bratislava : STU v Bratislave FEI, 2025
Sujets:
Accès en ligne:https://opac.crzp.sk/?fn=detailBiblioFormChildKU0JV&sid=BA75C2D62745AD5723EA969ED92F&seo=CRZP-detail-kniha
Tags: Ajouter un tag
Pas de tags, Soyez le premier à ajouter un tag!

MARC

LEADER 00000ntm a22000003a 4500
001 stuzp105977
003 SK-STU
005 20251105134416.9
007 ta
008 150427s2015----xo-----f-mn---000-0-slo-d
040 |a STU  |b slo 
041 0 |a slo 
044 |a xo 
100 1 |a Dodok, Ján  |u 035000  |4 aut  |U FEI Fakulta elektrotechniky a informatiky  |T FEI Ústav informatiky a matematiky  |X 120402  |U E050  |Y 816  |7 120402 
242 0 1 |a Simulation of human mobility  |y eng 
245 1 0 |a Simulácia pohybu osôb 
260 |a Bratislava :  |b STU v Bratislave FEI,  |c 2025 
300 |a 63 s. 
650 4 |a NS3  |2 slo 
650 4 |a mobility model  |2 slo 
650 4 |a Lévyho prechádzka  |2 slo 
650 4 |a simulácia  |2 slo 
650 4 |a difúzia  |2 slo 
650 4 |a mobility model  |2 eng 
650 4 |a Lévy walk  |2 eng 
650 4 |a simulation  |2 eng 
650 4 |a diffusion  |2 eng 
650 4 |a NS3  |2 eng 
700 1 |a Marček, Stanislav  |u 035000  |k Z1  |4 ths  |U FEI Fakulta elektrotechniky a informatiky  |T FEI Ústav informatiky a matematiky  |X 27068  |U E050  |Y 816  |7 A000027068 
856 4 |u https://opac.crzp.sk/?fn=detailBiblioFormChildKU0JV&sid=BA75C2D62745AD5723EA969ED92F&seo=CRZP-detail-kniha